| 000 | 00929nam a2200277 i 4500 | ||
|---|---|---|---|
| 003 | DO-SdBNP | ||
| 005 | 20260130132951.0 | ||
| 007 | ta | ||
| 008 | 230510b2023 dr ||||| |||| 00| 0 spa d | ||
| 020 | _a9789945222692 | ||
| 040 |
_aDO-SdBNP _bspa _cBNPHU _erda |
||
| 082 | 4 | _222 | |
| 100 | 1 |
_aCáceres, Joseph _983356 |
|
| 245 | 1 | 0 |
_aArte Nacional : _bvolumen 1 (1973-enero 1974) / _cJoseph Cáceres ; prólogo y edición, Máximo Jiménez ; introducción Emely Baldera |
| 264 |
_aSanto Domingo : _bAcroarte, _c2023. |
||
| 300 |
_av ; _c23 cm. |
||
| 336 |
_2rdacontent _atexto _btxt |
||
| 337 |
_2rdamedia _asin mediación _bn |
||
| 338 |
_2rdacarrier _avolumen _bnc |
||
| 500 | _aIncluye datos biográficos del autor en las solapas | ||
| 590 | _aInventariado, 2023/BT | ||
| 700 | 1 |
_aJiménez, Máximo, _eprólogo y editor _975836 |
|
| 700 | 1 |
_aBaldera, Emelyn, _eintroducción _983357 |
|
| 910 | _aBtavárez | ||
| 942 |
_2ddc _cLBS1 |
||
| 999 |
_c53476 _d53476 |
||